• 首页
  • 本馆介绍
  • 公告通知
  • 最新文献
  • 馆藏检索
  • 电子资源
  • 读者导购
  • 参考咨询
  • 我的图书馆
  • 登录
  • 详细信息显示
  • 放入我的书架
  • 预约/预借图书
  • 作者相关作品
  • 分类相关作品
  • 丛书相关作品
  • 出版社相关作品

书目信息

  • 表格格式
  • 工作单格式
  • 卡片格式
题名:
原子结构的计算
    
 
作者: 张志杰 , 赵伊君 编著
分册:  
出版信息: 北京   科学出版社  1987
页数: 546页
开本: 19cm
丛书名:
单 册:
中图分类: O562.1
科图分类:
主题词: 原子物理学 , 分子物理学
电子资源:
ISBN:
000 00674nam0 2200253 45
001 0187014705
005 20060731081256.40
010    @dCNY4.10
091    @a13031.3653
100    @a19951206d1987 em y0chiy0121 ea
101 0  @achi
102    @aCN@b110000
105    @ay z 000yy
200 10 @a原子结构的计算@Ayuan zi jie gou de ji suan@f赵伊君,张志杰编著
210    @a北京@c科学出版社@d1987
215    @a546页@d19cm
606 0  @a原子物理学
606 0  @a分子物理学
690    @aO562.1@v3
701  0 @a张志杰@4编著@Azhang zhi jie
701  0 @a赵伊君@4编著@Azhao yi jun
801  2 @aCN@bNLC@c20060731
801  0 @aCN@b深圳图书馆@c20040517
905    @dO562.1@e27
    
    原子结构的计算/赵伊君,张志杰编著.-北京:科学出版社,1987
    546页;19cm
    
    
    ISBN :CNY4.10
    
●
相关链接 在E读中查询图书 在五车中查询图书 在当当中查询图书 在豆瓣中查询图书


正题名:原子结构的计算     索取号:O562.1/27         预约/预借

序号 登录号 条形码 馆藏地/架位号 状态 备注
1 0203452   001941518   第三借阅区/ [索取号:O562.1/27] 在馆    
2 0203453   001451324   第三借阅区/ [索取号:O562.1/27] 在馆    
3 0203454   202121541   第二样本阅览室/ [索取号:O562.1/27] 在馆    
4 0442852   204428529   密集书库/ [索取号:O562.1/27] 在馆    
5 0442853   204428538   密集书库/ [索取号:O562.1/27] 在馆    
唐山师范学院图书馆 欢迎您!
大连网信软件有限公司© 版权所有